000 00330nam a22001457a 4500
008 210512b ||||| |||| 00| 0 eng d
020 _a020107723X
041 _aeng
080 _a159.9
082 _a159.9
100 _a48
101 _aPSI
245 _aDeath and Dying Challenge and Change
_cRobert Fulton
942 _2udc
_cBK
999 _c57292
_d57292